00772nam a2200253 i 450000100060000000300090000600500170001500700030003200800410003502000180007608000140009410000180010824501310012626000360025730000300029349000320032350000130035565000320036870000200040070000200042070000130044083000320045385200330048512899ES-MaACL20230906150431.0t|971007s1995 fr ||||1| fre d a2-7011-0382-7 a804.0-3181 aWeil, Sylvie.10aTrésors des expressions françaises / cSylvie Weil, Louise Rameau ; préface de Georges Perec ; illustrations de Blachon. aParís : bBelin, cD.L. 1995. a223 p. : bil. ; c19 cm.1 afrançais retrouvé ; v1 aIndices.14aLengua francesa-xModismos.1 aRameau, Louise.1 aPerec, Georges.1 aBlachon.0 afrançais retrouvé ; v1 aES-MaACLjL-20146 bR.125473